| 000 | 00795nam a22002297a 4500 | ||
|---|---|---|---|
| 999 |
_c3527 _d3527 |
||
| 003 | AR-CdUCM | ||
| 008 | 190306b ||||| |||| 00| 0 spa d | ||
| 040 |
_aMUNICIPALIDAD PROVINCIAL DEL CUSCO _cBIBLIOTECA MUNICIPAL DEL CUSCO |
||
| 041 | _heng | ||
| 082 |
_a082 / _bOS76 |
||
| 100 |
_aOsborne, John _911558 |
||
| 245 | _aManifiesto de Los Jóvenes Iracundos / | ||
| 260 |
_aBuenos Aires : _bDedalo ; _c1960. |
||
| 300 |
_a251 páginas ; _c20cm |
||
| 505 | _aContenido: La pequeña voz personal -- Más allá del Outsider --Lo llaman cricket -- Por la cuerda floja -- El teatro y la vida | ||
| 700 |
_aWilson, Colin _911559 |
||
| 700 |
_aWain, John _911560 |
||
| 700 |
_aHopkins, Bill _911561 |
||
| 700 |
_aLopez Cruz, Federico (traducción) _911562 |
||
| 942 |
_2ddc _cLIBROS |
||
| 945 | _anom | ||